000
00310nam a22001337a 4500
020
_a
978-0-143-33246-6
082
_a
823
_b
BON/G
100
_a
BOND, RUSKIN
245
_a
GETTING GRANNY'S GLASSES
260
_a
GURGAON
_b
PUFFIN BOOKS
_c
2019
300
_a
43
650
_a
CHILDRENS STORY BOOK
_z
INDIA
942
_c
BK
999
_c
2795
_d
2795